00373nam a22001337a 4500003000400000020001800004082001800022100002300040245008400063250000800147260004800155300000800203650002800211OSt a9781591399681 a658.4bBAD/QU aJoseph L Badaracco aQuestions of CharacterbIlluminating the Heart of Leadership Through Literature a1st aBostonbHarvard Business School Pressc2006 a221 aDo I Have A Good Dream?